[Event "V Sunway Sitges Open 2018"]
[Site "Sitges"]
[Date "2018.12.16"]
[Round "3"]
[White "Petrosyan, Manuel"]
[Black "Shubin, Kirill"]
[Result "1-0"]
[WhiteElo "2565"]
[BlackElo "2334"]
[Annotator "TA"]
[PlyCount "155"]
[EventDate "2018.12.14"]
[EventType "swiss"]
[EventCountry "ESP"]
[SourceTitle "playchess.com"]
[Source "ChessBase"]
[SourceQuality "1"]

{[%evp 18,155,31,33,47,35,35,31,42,26,47,34,23,29,45,27,20,4,24,18,-1,-14,66,64,72,73,77,64,65,0,0,0,0,0,61,53,56,-6,-6,-95,0,0,0,0,0,0,0,0,0,0,9,8,10,10,10,10,10,9,9,9,73,73,162,137,155,72,92,80,87,47,168,39,39,39,121,43,111,103,153,155,153,152,127,91,99,84,74,73,66,64,108,115,167,108,100,97,120,116,125,125,125,76,192,190,191,176,158,154,150,112,161,117,123,123,137,125,106,112,108,97,145,116,189,180,246,224,224,220,229,234,444,458,394,178,791,772,4770,3589,1847,1348]} 1. d4 e6 2. c4 Nf6 3. Nf3 Bb4+ 4. Nbd2 O-O 5. a3 Be7 6. e4 d6 {E11: Bogo-Indian} 7. Be2 Nbd7 8. Qc2 c5 9. O-O cxd4 10. Nxd4 {LiveBook: 5 Games} a6 11. b4 Qc7 12. Bb2 b6 13. Qc3 $146 ({Predecessor:} 13. f4 Bb7 14. Qd3 {1-0 (35) Matlakov,M (2707)-Annaberdiev,M (2459) Karlsruhe 2017}) 13... Bb7 14. Qe3 g6 15. Rac1 Rfe8 16. g4 e5 17. Nc2 Nf8 18. f4 Ne6 19. f5 Nf4 (19... Ng5 $1 $11) 20. Rxf4 $1 $14 exf4 21. Qxf4 Nxe4 22. Nxe4 Bxe4 23. Qxe4 (23. fxg6 $14 hxg6 24. Ne3 (24. Qxe4 Bf6 $15)) 23... Bf6 $1 $36 {[%mdl 2048] Black is pushing.} 24. Qxa8 $1 Rxa8 25. Bxf6 Re8 ({Black should play} 25... d5 $11) 26. Nd4 $14 d5 27. fxg6 (27. Rc3 $14) 27... hxg6 $11 28. Rf1 (28. Rc2 $11) 28... Qd6 ({Don't play} 28... dxc4 $6 29. Rf3 $11) (28... Re4 $1 $17 29. cxd5 Qc3 {[%mdl 64] Double Attack}) 29. g5 dxc4 $1 {White must now prevent ...Re4.} 30. Rf3 Re5 31. Rf4 {Strongly threatening Rh4.} Rf5 $1 {[%cal Rf5f4]} 32. Rxf5 gxf5 33. Bxc4 Qf4 34. Bxa6 Qg4+ 35. Kf2 Qh4+ 36. Ke3 Qe4+ 37. Kd2 f4 38. Be2 {Threatening Kc3.} Qe3+ (38... b5 $1 $11 {remains equal.}) 39. Kc2 $16 Qxa3 (39... Qf2 $16 40. Kd3 Qxh2) 40. b5 Qe3 41. h4 (41. Bf3 $142 $1) 41... Qf2 {Threatens to win with ...f3.} 42. Kd3 {Hoping for h5.} Qxh4 43. Ke4 Kf8 ({Black should try} 43... f3+ $14 44. Kxf3 Qh1+ 45. Kf4 Qb1) 44. Bf3 (44. Kd5 $1 $18) 44... Ke8 $14 45. Kf5 Qg3 (45... Qh3+ $14 46. Kxf4 Qh2+ 47. Ke3 Qg3) 46. Bc6+ $16 Kf8 47. Nf3 $1 Qh3+ 48. Kxf4 Qe6 49. Bd4 $1 Qd6+ 50. Kg4 Qd8 51. Be5 Qe7 52. Kf5 Qe6+ 53. Kf4 Qc4+ 54. Bd4 Qb4 (54... Ke7 $16) 55. Kg3 ({Better is} 55. Kf5 $1 $18) 55... Qd6+ 56. Kf2 Qd8 57. Kf1 Kg8 58. Ke2 Qe7+ 59. Kd1 Qd6 (59... Qa7 $16 {might work better.}) 60. Kc2 $1 $18 Qd8 61. Kc3 Kh7 62. Be3 Qc7 63. Kb3 Qd8 64. Be4+ Kg8 {[#]} 65. Bd4 $1 Qd6 {aiming for ...Qe6+.} 66. Bc6 Qd8 67. Kc4 Kh7 68. Be3 Qc7 69. Nd2 Qd6 (69... Kg6 $16 70. Ne4 Qa7) 70. Ne4 Qe6+ 71. Kc3 Qh3 72. Nf6+ Kg6 {[#]} 73. Nd5 $1 {[%cal Rd5f4] Nf4+ would kill now.} Qg3 $2 (73... Kg7 74. Kd4 Qh4+ 75. Kd3 Qh7+ 76. Kc4 Qe4+ 77. Bd4+ Kg6) 74. Kd3 Qd6 75. Kc4 (75. Bxb6 $142 {And now Be3 would win.} Kxg5 76. Kc4) 75... Qe6 $2 (75... Qa3 76. Bxb6 Qa2+ 77. Kd4 Qb2+ 78. Ke4 Qc2+ 79. Kf4 Qh2+ 80. Ke3 Qg1+ 81. Kd2 Qxg5+ 82. Be3 Qe5) 76. Bxb6 {White is clearly winning.} Kxg5 77. Be3+ Kf5 78. Kc5 {Accuracy: White = 64%, Black = 45%.} 1-0

[Event "V Sunway Sitges Open 2018"]
[Site "Sitges"]
[Date "2018.12.16"]
[Round "3"]
[White "Kulaots, Kaido"]
[Black "Esplugas Esteve, Vicenc"]
[Result "1-0"]
[WhiteElo "2555"]
[BlackElo "2330"]
[Annotator "TA"]
[PlyCount "109"]
[EventDate "2018.12.14"]
[EventType "swiss"]
[EventCountry "ESP"]
[SourceTitle "playchess.com"]
[Source "ChessBase"]
[SourceQuality "1"]

{[%evp 24,109,0,7,39,0,0,0,0,0,27,15,54,49,53,39,52,47,36,26,22,23,13,0,0,0,0,0,0,-104,-112,-102,-72,-186,-157,-155,-8,-8,-8,-8,11,0,0,-99,-131,-91,0,0,0,0,587,588,554,554,531,534,29958,29959,29960,29961,29960,29961,29954,29954,29961,29961,29967,29969,29969,29970,29970,29971,29971,29972,29973,29972,29975,29976,29974,29971,29970,29971,29971,29963,29970,29972,29972,29970]} 1. e4 e6 2. d4 d5 3. Nc3 Nf6 4. Bg5 Bb4 5. e5 h6 6. Be3 Ne4 7. Qg4 g6 {[%cal Bg7g6,Bg6g5][%mdl 32]} 8. a3 Bxc3+ 9. bxc3 c5 10. Bd3 {C12: French: Classical System: McCutcheon Variation} h5 (10... Nxc3 11. dxc5 Nc6 12. Nf3 Qa5 13. O-O Qa4 14. Qxa4 Nxa4 15. Bb5 Nc3 16. a4 Bd7 17. Ra3 Ne4 {½-½ (74) Ponkratov,P (2605)-Nguyen,N (2625) Khanty-Mansiysk 2013}) 11. Qf4 g5 12. Qf3 Nxc3 13. dxc5 {LiveBook: 39 Games} Nd7 14. Qg3 (14. h4 $5) 14... h4 15. Qxg5 Qxg5 16. Bxg5 Nxc5 $146 ({Predecessor:} 16... Rh5 17. Bf6 Nxf6 18. exf6 {½-½ (37) Eames,R (2275)-Cox,J (2398) England 2011}) 17. Bf6 Rh6 18. Nf3 h3 19. Rg1 N3e4 20. g4 $1 Bd7 21. g5 Rh5 22. Ke2 Kf8 23. Ke3 Rc8 24. Rg4 Nxd3 25. cxd3 Rc3 {With the idea ...Bb5.} 26. Rag1 (26. Ne1 $11 {keeps the balance.}) 26... Bb5 $17 27. Ne1 {And now Kd4 would win.} Rxa3 28. f3 (28. f4 $17 {might work better.}) 28... Nc5 $1 $19 {[%cal Rc5d3]} 29. g6 Nxd3 (29... Bxd3 $17 30. gxf7 Rh7) 30. Nc2 $1 $132 {[%cal Rc2a3][%mdl 2048] White has counterplay} Ra2 31. Nd4 Nxe5 32. g7+ Kg8 33. Nxb5 (33. Bxe5 $1 $11 {was the only way to keep the balance.} Rxe5+ 34. Kf4) 33... Nxg4+ $17 34. fxg4 {[%cal Bf3g4,Bg4g5][%mdl 32] [#] Rc1 is the strong threat.} Rh6 (34... Rh7 $1 $17 35. Rc1 Rxg7) 35. g5 $11 Rh4 36. Rc1 {Threatening mate with Rc8+.} Rc4 $2 {[%mdl 8192]} (36... Re4+ $1 $11 {and Black has nothing to worry.} 37. Kf3 Rc4 38. Rxc4 dxc4) 37. Rxc4 $18 dxc4 {[#]} 38. Nd6 $1 {[%csl LRb7,LRc4][%cal Rd6c8] Intending Nc8 and mate.} Rg2 39. Nc8 {White threatens Ne7+ and mate.} Rxg5 40. Bxg5 {White mates.} Kxg7 41. Nxa7 Kg6 42. Bh4 Kf5 43. Nb5 Ke5 44. Nc3 f5 45. Bg3+ Kf6 46. Kd4 Kg5 47. Be5 Kg4 48. Ke3 Kg5 49. Kf3 Kh4 50. Kf4 Kh5 51. Kg3 Kg5 52. Nb5 f4+ 53. Bxf4+ Kf5 54. Kf3 e5 55. Bg3 {Accuracy: White = 71%, Black = 53%.} 1-0

[Event "V Sunway Sitges Open 2018"]
[Site "Sitges"]
[Date "2018.12.16"]
[Round "3"]
[White "Praggnanandhaa, R."]
[Black "Perez Mitjans, Orelvis"]
[Result "1-0"]
[WhiteElo "2530"]
[BlackElo "2396"]
[Annotator "TA"]
[PlyCount "89"]
[EventDate "2018.12.14"]
[EventType "swiss"]
[EventCountry "ESP"]
[SourceTitle "playchess.com"]
[Source "ChessBase"]
[SourceQuality "1"]

{[%evp 20,89,25,30,93,0,0,0,0,0,0,0,0,0,0,7,7,-45,-25,-18,0,0,0,0,60,0,0,-41,-45,-46,-37,-53,-38,-67,-83,-72,-18,-21,0,0,0,0,8,-90,-95,-93,-102,-78,-103,-97,-18,-20,0,0,0,0,0,0,66,67,200,208,213,208,683,681,678,678,678,676,670,668]} 1. e4 c5 2. Nf3 e6 3. d4 cxd4 4. Nxd4 a6 5. Be2 Nf6 6. Nc3 Qc7 7. O-O d6 8. f4 Be7 9. g4 {B84: Sicilian Scheveningen: 6 Be2 a6, lines without early Be3} (9. Kh1 O-O 10. Be3 Nc6 11. Qe1 Nxd4 12. Bxd4 b5 13. Qg3 Bb7 14. a3 Rad8 15. Bd3 Rfe8 16. Rae1 Qd7 17. Nd1 Nh5 18. Qg4 e5 19. Qxh5 exd4 20. Nf2 g6 21. Qh6 Bf8 22. Qh4 Be7 {1-0 (63) Kravtsiv,M (2672)-Fedorchuk,S (2648) Riadh 2017}) 9... Nc6 10. g5 Nd7 11. Be3 {LiveBook: 6 Games. White has an edge.} Na5 (11... O-O $11 {remains equal.}) 12. f5 (12. Qe1 $16) 12... Ne5 $11 13. fxe6 fxe6 14. Nb3 $146 ({Predecessor:} 14. Bg4 Nxg4 15. Qxg4 Nc4 16. Bf2 Qa5 17. Nxe6 Bxe6 18. Qxe6 Qxg5+ 19. Bg3 Ne3 20. Nd5 {½-½ (20) Moisan,F (1937)-Gaudreau,E (1578) Quebec 2005}) 14... Nac4 15. Bxc4 $1 Qxc4 16. Qh5+ g6 17. Qh6 Bf8 $132 {[%mdl 2048] Black is fighting back} 18. Qh4 ({White should play} 18. Qh3 $11) 18... Bd7 19. Rad1 Qc7 20. Qf2 Be7 21. Bb6 Qc4 ({Black should try} 21... Qc6 $11) 22. Na5 (22. Qg3 $14) 22... Qb4 23. Qd4 ({Wrong is} 23. Nxb7 $2 Nf3+ 24. Kh1 O-O $19) 23... Qxd4+ 24. Bxd4 b5 {[%cal Bb7b5,Bb5b4][%mdl 32]} 25. Nb7 b4 {White must now prevent ...Bc8.} 26. Ne2 Bb5 27. Rf2 Bxe2 (27... Rb8 $17 28. Bxe5 dxe5 29. Nd6+ Bxd6 30. Rxd6 Ke7) 28. Rxe2 Nf3+ 29. Kg2 O-O 30. Bf2 Nxg5 31. Bh4 (31. Nxd6 $11 {keeps the balance.} Nf3 32. e5) 31... Rf4 $17 32. Bxg5 Rg4+ $1 33. Kh1 Rxg5 34. Nxd6 Rf8 ({Better is} 34... Ra5 $17 35. c4 bxc3 36. bxc3 Rc5) 35. e5 $11 Rf4 36. c4 bxc3 $1 37. bxc3 Rf3 38. c4 {[%cal Bc3c4,Bc4c5,Bc5c6,Bc6c7][%mdl 32]} Rg4 (38... Rh5 $1 $11) 39. Rc2 $1 $14 {Threatens to win with c5.} Re3 {[#]} (39... Rf8 $14) 40. c5 $1 $18 {[%cal Rc5c6] Hoping for c6.} Rxe5 {[#]} 41. Nb7 $1 Rf5 $2 (41... Bxc5 42. Nxc5 (42. Rxc5 Rge4 $16) 42... a5) 42. c6 {White is clearly winning.} Rf8 43. c7 Rc8 44. Rd7 Kf8 {If Black can now play ...Ke8 this consolidates a bit.} 45. Nd6 {Accuracy: White = 69%, Black = 42%.} 1-0

[Event "V Sunway Sitges Open 2018"]
[Site "Sitges"]
[Date "2018.12.16"]
[Round "3"]
[White "Keymer, Vincent"]
[Black "Bobadilla Viera, Jorge Samuel"]
[Result "1-0"]
[WhiteElo "2508"]
[BlackElo "2302"]
[Annotator "TA"]
[PlyCount "45"]
[EventDate "2018.12.14"]
[EventType "swiss"]
[EventCountry "ESP"]
[SourceTitle "playchess.com"]
[Source "ChessBase"]
[SourceQuality "1"]

{[%evp 16,45,32,35,47,35,53,55,76,72,72,72,119,73,59,62,229,228,241,230,231,242,231,227,261,262,267,259,270,264,264,263]} 1. d4 g6 2. c4 Bg7 3. Nf3 d6 4. g3 Nd7 5. Bg2 e5 6. Nc3 Ne7 7. O-O O-O 8. h3 {A41: 1 d4 d6: Tartakower System and Modern Defence} (8. Re1 exd4 9. Nxd4 Ne5 10. Nd5 Nxc4 11. Bg5 f6 12. Bc1 Nf5 13. Nxf5 Bxf5 14. Nf4 Kh8 15. Bxb7 Rb8 {½-½ (105) Fier,A (2562)-Zhang,Z (2641) Dubai 2017}) 8... h6 9. e4 {LiveBook: 3 Games} Nc6 {[%cal Re5d4]} 10. Be3 {White is slightly better.} exd4 11. Nxd4 Re8 $146 ({Predecessor:} 11... Nxd4 12. Bxd4 Ne5 13. f4 Nc6 14. Bxg7 Kxg7 15. Nd5 Be6 16. Qd2 f6 {½-½ (41) Jayakumar,A (2267)-Bartell,T (2369) Philadelphia 2012}) 12. b3 {[%cal Bb2b3,Bb3b4,Bb4b5][%mdl 32]} Nc5 13. Qd2 Bd7 14. Rad1 Nxd4 15. Bxd4 Bc6 $2 (15... a5 $14) 16. Bxg7 $18 Kxg7 17. b4 $1 Ne6 18. b5 Bd7 {[#]} 19. e5 $1 {[%mdl 512]} Nc5 (19... dxe5 20. Qxd7) 20. exd6 {White has a decisive advantage.} cxd6 21. Qd4+ ({But not} 21. Qxd6 $6 Qe7 $18) 21... Qf6 22. Qxf6+ ({Less strong is} 22. Qxd6 Qxd6 23. Rxd6 Be6 $14) 22... Kxf6 {[#]} 23. Nd5+ $1 {Accuracy: White = 85%, Black = 31%.} ({Not} 23. Rxd6+ Be6 $16) 1-0

[Event "V Sunway Sitges Open 2018"]
[Site "Sitges"]
[Date "2018.12.16"]
[Round "3"]
[White "Vasquez Schroeder, Rodrigo"]
[Black "Garcia Ramos, Daniel"]
[Result "1-0"]
[WhiteElo "2495"]
[BlackElo "2304"]
[Annotator "TA"]
[PlyCount "93"]
[EventDate "2018.12.14"]
[EventType "swiss"]
[EventCountry "ESP"]
[SourceTitle "playchess.com"]
[Source "ChessBase"]
[SourceQuality "1"]

{[%evp 20,93,-5,-8,11,9,22,-12,-9,-22,-11,-11,-9,-29,0,0,2,1,18,21,40,37,32,15,31,29,47,38,58,54,58,58,54,33,15,0,54,21,20,0,82,51,102,113,213,206,205,204,334,311,370,230,472,357,362,355,353,293,362,357,667,650,762,762,714,657,689,699,694,683,685,674,667,657,2062,1186]} 1. d4 Nf6 2. c4 e6 3. Nf3 b6 4. Nc3 Bb7 5. a3 d5 6. Bg5 Be7 7. Bxf6 Bxf6 8. cxd5 exd5 9. Qb3 O-O 10. Rd1 Re8 {E12: Queen's Indian: Unusual White 4th moves, 4 a3, 4 Nc3 Bb7 5 a3 and 4 Nc3 Bb7} (10... c6 11. g3 Nd7 12. Bg2 Re8 13. O-O Nf8 14. Rfe1 Ne6 15. e3 Rc8 16. Rd2 g6 17. h4 Bg7 18. Qa4 {½-½ (70) Riazantsev,A (2708)-Sargissian,G (2671) Khanty-Mansiysk 2013}) 11. e3 {LiveBook: 30 Games} a6 12. Be2 Qd6 {The position is equal.} 13. O-O (13. Ne5 $5) 13... Nd7 14. Qa2 $146 ({Predecessor:} 14. Ne1 c5 15. dxc5 Nxc5 16. Qc2 Rad8 17. Bf3 Qe5 18. Nd3 {½-½ (28) Petran,P (2364)-Kustar,S (2399) Hungary 2003}) 14... b5 15. Ne1 c6 16. Bg4 Nb6 17. Nd3 Bc8 18. Bxc8 Rexc8 19. a4 b4 20. Ne2 Nd7 21. Nec1 Be7 22. Nb3 Qg6 23. a5 Rab8 24. Rd2 Bd6 25. Qb1 Nf6 26. Rc1 Ne4 27. Rdc2 Rb5 (27... Ng5 $11 28. Ne1 Rb7) 28. Rd1 Ng5 {next ...Nf3+ is good for Black.} 29. Ne1 Re8 {[#]} (29... Rb7 $11 {remains equal.}) 30. Qc1 $1 $16 Re6 {[#]} ({Better is} 30... Qh5 $1 $14) 31. f4 $1 {[%cal Rf4g5]} Nh3+ (31... Ne4 $16) 32. Kh1 $18 Qe4 33. Nd3 Rg6 (33... g5 $142) 34. Qd2 h5 35. Rxc6 {Hoping for Rf1.} Kh7 $2 (35... Qxd3 36. Qxd3 (36. Rc8+ Kh7 $16) 36... Nf2+ 37. Kg1 Nxd3) 36. Rxd6 ({Less strong is} 36. Rxa6 Qxd3 37. Qxd3 Nf2+ 38. Kg1 Nxd3 $18) 36... Rxd6 37. Nbc5 Qf5 38. gxh3 Qxh3 39. Qf2 Rxa5 $2 (39... Qf5 40. Ra1 b3) 40. Nb7 {White is clearly winning.} Re6 41. Nxa5 Rxe3 42. Ne1 Qe6 43. Ng2 Re2 44. Qf3 Rxb2 45. Qxh5+ Kg8 46. Re1 Qd7 {[#]} 47. Nb7 $1 {[%mdl 64] Back Rank. Accuracy: White = 59%, Black = 27%.} 1-0

[Event "V Sunway Sitges Open 2018"]
[Site "Sitges"]
[Date "2018.12.16"]
[Round "3"]
[White "Henderson De La Fuente, Lance"]
[Black "Sasikiran, Krishnan"]
[Result "0-1"]
[WhiteElo "2484"]
[BlackElo "2673"]
[Annotator "TA"]
[PlyCount "84"]
[EventDate "2018.12.14"]
[EventType "swiss"]
[EventCountry "ESP"]
[SourceTitle "playchess.com"]
[Source "ChessBase"]
[SourceQuality "1"]

{[%evp 22,84,13,0,33,10,32,-20,35,38,33,11,0,-14,50,23,13,0,34,18,30,-25,-32,-55,-60,-48,-54,-108,-129,-311,-309,-293,-302,-319,-312,-317,-297,-307,-295,-327,-324,-334,-332,-332,-326,-516,-523,-514,-503,-673,-664,-806,-719,-724,-686,-1206,-1204,-1350,-614,-566,0,-1356,-1330,-29991,-29992]} 1. e4 c5 2. Nf3 d6 3. d4 cxd4 4. Nxd4 Nf6 5. Nc3 a6 6. h3 e5 7. Nde2 h5 {B90: Sicilian Najdorf: Unusual White 6th moves, 6 Be3 Ng4 and 6 Be3 e5} 8. Bg5 Be6 9. Bxf6 Qxf6 10. Nd5 Qd8 11. Qd3 Nd7 12. O-O-O {LiveBook: 28 Games} Rc8 13. Kb1 g6 {[#]} 14. f4 $146 (14. Nec3 $14) ({Predecessor:} 14. Nec3 Bh6 15. h4 {0-1 (80) Anand,V (2775)-Vachier Lagrave,M (2783) Leuven 2017}) 14... Rc5 (14... Bxd5 $11 15. Qxd5 Qc7) 15. Nec3 $14 exf4 16. Qd4 Rg8 17. Nxf4 Qf6 (17... Bg7 $11 18. Qxd6 (18. Nxe6 fxe6 19. Qxd6 Rc6 $11) 18... Rc6 19. Nxe6 fxe6) 18. Nxe6 fxe6 19. Qb4 Rc7 20. e5 Qxe5 {[#]} 21. Bd3 (21. Nd5 $142 $1 {[%mdl 512]} Rc5 (21... exd5 22. Re1) 22. Nb6) 21... d5 $11 22. Qa4 {Rhe1 is the strong threat.} Kd8 23. Rhe1 Qd6 $36 {[%mdl 2048] Black is pushing.} 24. Qh4+ (24. Ne2 $15) 24... Be7 $17 {[%cal Bf8e7,Be7f6,Bf6c3][%mdl 32]} 25. Qf2 $2 {[#]} (25. Qa4 $17 {was worth a try.}) 25... Rxc3 $1 $19 {[%mdl 512]} 26. bxc3 {[#]} Bf6 $1 {[%cal Rf6c3]} 27. Bc4 Bxc3 28. Re3 Qa3 {[%csl Gc3][%cal Ra3b2]} 29. Rxc3 Qxc3 30. Bb3 Rf8 31. Qh4+ Kc7 32. Qe7 Rf6 33. Ba4 (33. a4 {was necessary.}) 33... b5 34. Bb3 Qc5 35. Qh7 a5 {[%cal Ba6a5,Ba5a4][%mdl 32]} 36. c3 a4 37. Bc2 Kd6 38. Bxg6 {If White can now play Be8 this consolidates a bit.} Qxc3 39. Be8 Qb4+ (39... Nc5 $142 40. Qc2 {[#]} Ne4 $1 {[%mdl 512]} 41. Qxc3 Nxc3+ 42. Kc2 Nxd1 43. Kxd1 Rf2) 40. Ka1 Qc3+ (40... Nc5 $142 41. Qc2 Qc4) 41. Kb1 Nc5 {( -> ...Rf2)} 42. Qa7 Rf2 {Accuracy: White = 34%, Black = 59%.} 0-1

[Event "V Sunway Sitges Open 2018"]
[Site "Sitges"]
[Date "2018.12.16"]
[Round "3"]
[White "Gukesh, D."]
[Black "Vocaturo, Daniele"]
[Result "0-1"]
[WhiteElo "2466"]
[BlackElo "2629"]
[Annotator "TA"]
[PlyCount "122"]
[EventDate "2018.12.14"]
[EventType "swiss"]
[EventCountry "ESP"]
[SourceTitle "playchess.com"]
[Source "ChessBase"]
[SourceQuality "1"]

{[%evp 16,122,-2,-10,0,0,0,0,0,0,0,0,0,-47,-57,-46,-35,-72,-76,-89,-78,-91,-75,-68,-91,-91,-93,-133,-129,-138,-148,-136,-142,-137,-136,-147,-147,-142,-148,-149,-145,-143,-149,-145,-87,-80,-60,-134,-136,-152,-148,-164,-161,-164,-153,-221,-236,-245,-203,-254,-231,-1070,-310,-284,-193,-200,-203,-204,-188,-200,-191,-181,-154,-190,-170,-178,-141,-250,-240,-327,-305,-308,-293,-384,-370,-344,-347,-472,-471,-436,-427,-1734,-1495,-1304,-618,-5497,-5406,-2128,-2022,-5497,-5497,-4949,-4945,-29976,-29977,-29976,-29977,-29972,-29973]} 1. Nf3 Nf6 2. g3 e6 3. Bg2 d5 4. O-O Be7 5. d3 O-O 6. Nbd2 c5 7. e4 Nc6 8. Re1 Qc7 9. exd5 {LiveBook: 3 Games. C00: French: Unusual White 2nd moves} (9. e5 Nd7 10. Qe2 b5 11. Nf1 Bb7 12. Bf4 Rfc8 13. Ne3 Qd8 14. h4 h6 15. c3 b4 16. c4 Nb6 17. Rad1 Rc7 18. Ng4 Qf8 19. Qe3 Nd4 20. Nxd4 cxd4 {0-1 (44) Svidler,P (2760)-Kramnik,V (2800) Moscow 2018}) 9... exd5 10. d4 Bg4 11. dxc5 {The position is equal.} Bxc5 12. Nb3 Bb6 13. Bf4 $146 ({Predecessor:} 13. Be3 Rac8 14. c3 Rfe8 15. Qd3 Rcd8 16. Nbd4 Ne4 {1-0 (40) Rebers,E (2156)-Larsen,U (1985) Fornebu 2016}) 13... Qd7 14. Be3 {[#]} d4 $1 {[%mdl 512]} 15. Bg5 (15. Nbxd4 Bxd4) 15... Nd5 16. Rc1 Rfe8 17. Qd2 {[%cal Rf3d4]} f6 $36 {[%mdl 2048] Black is really pushing.} 18. Bf4 g5 19. Bxg5 fxg5 20. Qxg5+ Kh8 {And now ...Rg8 would win.} 21. Nh4 Nc7 $1 22. Nc5 Bxc5 23. Qxc5 Ne6 24. Qb5 a6 25. Qd3 Ng5 26. Qd2 Qg7 27. Rxe8+ Rxe8 28. Re1 Rxe1+ 29. Qxe1 Bd7 (29... Nh3+ $142 30. Kh1 d3 $1 {[%mdl 512]} 31. Bxh3 Bxh3 32. Qe8+ Qg8 33. Qxg8+ Kxg8 34. cxd3 Nb4) 30. f4 $17 Nf7 31. Qd2 (31. Bxc6 $1 $15 Bxc6 32. Nf5) 31... Nd6 32. Qd3 Qf6 33. c3 dxc3 34. bxc3 Be8 35. Qe3 (35. Nf3 $17) 35... Bf7 $19 36. a4 Nc4 37. Qc5 {White wants to mate with Qf8+.} Qd6 ({Worse is} 37... Qxc3 38. Qf8+ Bg8 {[#]} 39. Ng6+ $1 {[%mdl 512]} hxg6 40. Qh6+ Bh7 41. Qf8+ Bg8 42. Qh6+ Bh7 43. Qf8+ Bg8 $11) 38. Qg5 $2 (38. Qxd6 Nxd6 39. Kf2) 38... Ne3 $2 (38... Qd1+ 39. Bf1 Nd2 40. Qf6+ Kg8 41. Qg5+ Kf8 42. Qc5+ Ne7) 39. Bf3 {If White can now play Nf5 this consolidates a bit.} h6 40. Nf5 Nxf5 ({Don't play} 40... hxg5 41. Nxd6 Bd5 42. fxg5 $15) 41. Qxf5 Kg7 42. Qg4+ Kf8 43. Qf5 Nd8 44. Qa5 Ke7 45. h4 Be6 46. h5 (46. Qb4 $17) 46... Bd7 47. c4 Qd4+ 48. Kg2 Qxc4 49. Qe5+ Qe6 50. Qc5+ Ke8 51. Qd4 Qh3+ 52. Kf2 Qh2+ 53. Bg2 (53. Ke3 $142 Qxg3 54. Qe4+ Kf8 55. Qb4+ Kf7 56. Qb1) 53... Bc6 54. Qe5+ Kd7 55. Qg7+ Kc8 56. Qg4+ Kb8 57. Qh3 Qxg2+ 58. Qxg2 Bxg2 59. Kxg2 b5 {Black mates.} 60. axb5 a5 61. g4 Nf7 {Accuracy: White = 41%, Black = 79%.} 0-1

[Event "V Sunway Sitges Open 2018"]
[Site "Sitges"]
[Date "2018.12.16"]
[Round "3"]
[White "Romanishin, Oleg M"]
[Black "Gordievsky, Dmitry"]
[Result "1/2-1/2"]
[WhiteElo "2451"]
[BlackElo "2614"]
[Annotator "TA"]
[PlyCount "142"]
[EventDate "2018.12.14"]
[EventType "swiss"]
[EventCountry "ESP"]
[SourceTitle "playchess.com"]
[Source "ChessBase"]
[SourceQuality "1"]

{[%evp 15,142,-7,17,23,30,25,16,-19,16,10,46,16,12,11,11,7,17,0,13,0,11,0,0,-4,0,-22,-34,-18,-23,-10,0,-2,0,-10,0,0,0,-13,0,-45,-43,-31,-29,-29,-23,-41,-8,-8,0,-10,-4,-8,0,0,0,0,0,0,0,0,0,0,0,0,0,0,0,0,0,0,0,0,0,0,0,0,0,0,0,0,0,0,0,0,0,0,0,0,0,-8,-8,-8,-8,-8,-8,-8,-8,-8,-8,-8,-8,-22,-22,-22,-22,-22,-22,-22,-22,-22,-8,-8,0,-8,-8,-8,0,0,0,0,0,0,0,0,0,0,0,0,0]} 1. d4 g6 2. Nf3 Bg7 3. g3 c5 4. c3 Qc7 5. Bg2 Nf6 6. O-O O-O 7. a4 {A49: 1 d4 Nf6 2 Nf3 g6 3 g3: Anti-King's Indian systems} (7. Re1 d5 8. Bf4 Qb6 9. Qb3 Nc6 10. dxc5 Qxc5 11. Nbd2 Re8 12. Be3 Qa5 13. c4 d4 14. Bg5 h6 15. Bxf6 exf6 {½-½ (61) Aronian,L (2792)-Vachier Lagrave,M (2789) Leuven 2016}) 7... d6 8. Na3 a6 {LiveBook: 3 Games} 9. d5 $146 ({Predecessor:} 9. dxc5 Qxc5 10. Be3 Qc7 11. a5 Nbd7 12. Nc2 b5 13. Ne5 Bb7 14. Nxd7 Qxd7 15. Bxb7 Qxb7 {0-1 (56) Bogosavljevic,B (2516)-Indjic,A (2533) Vrbas 2015}) 9... Nbd7 10. Re1 Rb8 11. c4 b6 12. e4 Bb7 13. Nb1 e6 14. Nc3 exd5 15. exd5 Ng4 16. Bd2 Nge5 17. Nxe5 Nxe5 18. Qe2 Bc8 19. Ne4 Bg4 20. f3 Bf5 21. Bc3 Bxe4 22. Qxe4 Nd7 23. Qc2 Bxc3 24. Qxc3 Qd8 25. Bh3 Nf6 26. Re2 Re8 27. Rae1 Rxe2 28. Rxe2 b5 29. axb5 $1 axb5 30. b3 bxc4 31. bxc4 {The position is equal.} Rb1+ 32. Kf2 Kg7 33. Rb2 Rxb2+ (33... Rd1 {keeps more tension.} 34. Ra2 Rd4 35. Rd2 Rxd2+ 36. Qxd2 Qb8) 34. Qxb2 Qa5 35. Bf1 Qb4 36. Qc1 Qb3 37. Be2 Qb7 38. Qa1 Qe7 39. Qb2 h5 40. h4 Kh7 41. Bf1 Ne8 42. Qe2 Qd7 43. Qe3 Nf6 44. Qf4 Kg7 45. Be2 Qe7 46. Qe3 Qd7 47. Qf4 Qc7 48. Qe3 Qd8 49. Qf4 Qf8 50. Qe3 Nd7 51. Qc3+ Kg8 52. Bf1 Qa8 53. Be2 Qa2 54. f4 Qb1 55. Kg2 Qe4+ 56. Kf2 Qd4+ 57. Qxd4 cxd4 $11 {[%mdl 4096] Endgame KB-KN} 58. f5 Ne5 59. fxg6 fxg6 60. Ke1 Kf7 {Strongly threatening ...Kf6.} 61. Kd2 Ke7 62. Kc2 Kf6 {[#] aiming for ...Kf5.} 63. Bd3 $1 Ke7 64. Be2 Kd7 65. Kb3 Kc7 66. Kb4 d3 67. Bd1 Kb6 68. Kc3 Kc5 69. Bb3 d2 {[%mdl 64] [#] Decoy} 70. Kxd2 {White wants to play Kc3.} Nxc4+ 71. Kd3 Ne5+ {Accuracy: White = 76%, Black = 71%.} 1/2-1/2